000 00508nam a22001697a 4500
003 OSt
005 20241017115810.0
008 241017b |||||||| |||| 00| 0 eng d
020 _a8172333080
040 _aMMU
_beng
_cMMU
_dMMU
050 _aSB 433.5 .S56 2002
100 _aWazir Desh Beer Singh Poonam.
_92106
245 _aBonsai an art /
_cBy Desh Beer Singh Poonam Wazir.
260 _aJodhpur :
_bScientific Publishers (India),
_c2002.
300 _a90 Pages :
_billustrations ;
942 _2lcc
_cLOAN LOAN
999 _c33129
_d33126